Enfermedades infecciosas y parasitarias. (Record no. 59691)

MARC details
000 -LEADER
campo de control de longitud fija 00777nam a2200217 i 4500
001 - NÚMERO DE CONTROL
campo de control 59691
003 - IDENTIFICADOR DE NÚMERO DE CONTROL
campo de control ES-MaACL
005 - FECHA Y HORA DE LA ÚLTIMA TRANSACCIÓN
campo de control 20230906164100.0
007 - CAMPO FIJO DE DESCRIPCIÓN FÍSICA--INFORMACIÓN GENERAL
campo de control de longitud fija t|
008 - DATOS DE LONGITUD FIJA--INFORMACIÓN GENERAL
campo de control de longitud fija 031030s1972 sp ||||1| spa d
245 00 - MENCIÓN DEL TÍTULO
Título Enfermedades infecciosas y parasitarias.
260 ## - PUBLICACIÓN, DISTRIBUCIÓN, ETC.
Lugar de publicación, distribución, etc. Barcelona :
Nombre del editor, distribuidor, etc. Espaxs,
Fecha de publicación, distribución, etc. [1972]
300 ## - DESCRIPCIÓN FÍSICA
Extensión 234 p. ;
Dimensiones 25 cm.
505 8# - NOTA DE CONTENIDO CON FORMATO
Nota de contenido con formato Contiene: I.: La infección / por R. Bastin. -- II.: La fiebre / por M. Morin y M. Valleteau de Moulliac. -- III.: Enfermedades infecciosas y parasitarias / por R. Bastin, J. Frottier y J.L. Vildé
700 1# - ENTRADA AGREGADA--NOMBRE PERSONAL
Nombre de persona Bastin, R.
9 (RLIN) 26374
700 1# - ENTRADA AGREGADA--NOMBRE PERSONAL
Nombre de persona Morin, M.
9 (RLIN) 83569
700 1# - ENTRADA AGREGADA--NOMBRE PERSONAL
Nombre de persona Valleteau de Mouliac, M.
9 (RLIN) 112908
700 1# - ENTRADA AGREGADA--NOMBRE PERSONAL
Nombre de persona Frottier, J.
9 (RLIN) 52755
700 1# - ENTRADA AGREGADA--NOMBRE PERSONAL
Nombre de persona Vildé, J. L.
9 (RLIN) 114853
852 ## - LOCALIZACIÓN
Ubicación ES-MaACL
Número de control de estantería C-47747
Sublocalización o colección R.84997
Holdings
Estatus retirado Estado de pérdida Estado de daño No para préstamo Biblioteca de origen Biblioteca actual Ubicación en estantería Fecha de adquisición Fuente de adquisición Total de préstamos Signatura topográfica completa Código de barras Visto por última vez Precio de reemplazo Tipo de ítem Koha
        Biblioteca del Ateneo de Madrid Biblioteca del Ateneo de Madrid Depósito 2 17/01/2008     C-47747 1062607 23/02/2023 23/02/2023 Libro impreso